The domino book : (Record no. 1301)

MARC details
000 -LEADER
fixed length control field 00765pam a2200277 i 4500
005 - DATE AND TIME OF LATEST TRANSACTION
control field 20260322212055.0
008 - FIXED-LENGTH DATA ELEMENTS--GENERAL INFORMATION
fixed length control field data
010 ## - LIBRARY OF CONGRESS CONTROL NUMBER
LC control number 74010267
020 ## - INTERNATIONAL STANDARD BOOK NUMBER
International Standard Book Number 0840764014
020 ## - INTERNATIONAL STANDARD BOOK NUMBER
International Standard Book Number 9780840764010
040 ## - CATALOGING SOURCE
Original cataloging agency DLC
Transcribing agency DLC
Modifying agency DLC
042 ## - AUTHENTICATION CODE
Authentication code lcac
050 00 - LIBRARY OF CONGRESS CALL NUMBER
Classification number GV1467
Item number .B47 1974
082 00 - DEWEY DECIMAL CLASSIFICATION NUMBER
Classification number 795/.3
092 ## - LOCALLY ASSIGNED DEWEY CALL NUMBER (OCLC)
Classification number 795.3 B47 1974
001 - CONTROL NUMBER
control field data
100 1# - MAIN ENTRY--PERSONAL NAME
Personal name Berndt, Fredrick.
245 14 - TITLE STATEMENT
Title The domino book :
Remainder of title games, solitaire, puzzles /
Statement of responsibility, etc. Fredrick Berndt.
250 ## - EDITION STATEMENT
Edition statement 1st ed.
260 ## - PUBLICATION, DISTRIBUTION, ETC.
Place of publication, distribution, etc. Nashville :
Name of publisher, distributor, etc. T. Nelson,
Date of publication, distribution, etc. [1974]
300 ## - PHYSICAL DESCRIPTION
Extent 190 p. :
Other physical details ill. ;
Dimensions 24 cm.
520 ## - SUMMARY, ETC.
Summary, etc. Text and diagrams introduce the rules and techniques of the different forms of domino games and puzzles.
650 #0 - SUBJECT ADDED ENTRY--TOPICAL TERM
Topical term or geographic name entry element Dominoes.
650 #1 - SUBJECT ADDED ENTRY--TOPICAL TERM
Topical term or geographic name entry element Dominoes.
650 #1 - SUBJECT ADDED ENTRY--TOPICAL TERM
Topical term or geographic name entry element Games.
Holdings
Withdrawn status Lost status Damaged status Not for loan Home library Current library Shelving location Date acquired Total checkouts Full call number Barcode Date last seen Price effective from Koha item type
        Fairview Fairview General stacks 22/03/2026   795/.3 BC0011344 22/03/2026 22/03/2026 Books